Masaryks Konzept eines "Neuen Europa": ein alter Hut oder Rezept für heute?

Titel: Masaryks Konzept eines "Neuen Europa": ein alter Hut oder Rezept für heute?
Verfasser:
In: Identität, Integrität, Integration, (1997), Seite 17-53
alle Artikel anzeigen
Veröffentlicht: 1997
Format: Aufsatz
Sprache: Deutsch
Kein Bild verfügbar
X
alg: 39145980
001A    $01999:11-11-16 
001B    $01999:15-05-21 $t20:54:11.000 
001D    $01999:11-11-16 
001U    $0utf8 
001X    $00 
002@    $0Aox 
003@    $0391459805 
007A    $0391459805 $aHEB 
007T    $0Herd02970 
010@    $ager 
011@    $a1997 
021A    $aMasaryks Konzept eines "Neuen Europa": ein alter Hut oder Rezept für heute? 
028A    $#Hahnová, Eva $#Hahn, Eva $#Schmidt, Eva $#Schmidt-Hartmann, Eva $#Hartmann, Eva Schmidt- $#Schmidtová, Eva $7124156150 $8Hahnová, Eva$Z1946- [Tp1] $9154902969 
031A    $h17-53 $j1997 
039B    $aIn $8--Aaxaf--. Identität, Integrität, Integration. - Münster : Lit, 1998. - 154 S.. - ISBN 3-8258-3514-6 $x199700000000000983 $9057982996 
045F    $a929.094371 $eDDC23BSB 
045F/01 $a929 
045F/03 $g4371 

lok: 39145980 78

exp: 39145980 78 1 #EPN
201B/01 $020-02-18 $t23:26:58.000 
201U/01 $0utf8 
203@/01 $0787553883 
208@/01 $a11-11-16 $be 
209A/01 $a/ $f000 $x00 
220C/01 $aTitelaufnehmer: rk 
244Z/01 $#Tschechien $#Tschechische Republik $#Tschechische Republik $#Tschechenland $#Tschechei Tschechien $#Česká Republika $#Czech Republic $#ČR $74303381-7 $8--Tg1--Tschechien $x01 $9086659812 
244Z/01 $2Trx $#Böhmen $#Bohemia $#Czechy $8--Trx--Čechy $x02 $9391188941 
244Z/01 $aGeschichte 1850-1937 $x03 
244Z/01 $#Masaryk, Tomáš $#Masaryk, Tomáš Garigue $#Masaryk, Tomáš Garrique $#Masaryk, Tomáš G. $#Masaryk, Thomas Garrigue $#Masaryk, Thomas G. $#Masaryk, Th. G. $#Masaryk, Thomas $#Masaryk, Tomas Garrigue $#Masaryk, Tomás Garrigue $#Masaryk, Tomás G. $#Masaryk, T. G. $#Masaryk, T.G. $#Masaryk, T. Harrik $#Masaryk, Vlastimil Th. $#Masaryk, Vlastimil $#Masaryk, Tatiček $#Masarykov, Tomás G. $#Masarik, Tomaš Garrig $#Masarik, Tomaš G. $#Masarik, T. G. $#Masarik, T.G. $#Masarik, Tomash Garrig $#Masarik, Tomas $#Garrigue Masaryk, Thomas $#Garrigue Masaryk, Tomáš $#Masarikku, Tomasu Gerikku $#Harrik-Masaryk, T. $#T. G. M. $#T.G.M. $#TGM $#Ma Saike $#Ma, Saike $#Ma Sai ke $#Ma, Sai ke $#Masariku, T. G. $#Масарик, Томаш Гариг $#Масарик, Томаш Гариг $#Масарик, Томаш Гарріг $#馬塞克 $#马塞克 $#馬, 塞克 $#马, 塞克 $#マサリク, T. G. $7118578626 $8--Tp1--Masaryk, Tomáš Garrigue$Z1850-1937 $x04 $9086919636 
244Z/01 $2Trx $#Euroopa kontseptsioonid $#Europos koncepcijos $#concepts of Europe $#Európa-koncepciók $#koncepcje europejskie $#koncepcia európska $#koncepce evropské $#Mitteleuropa $#Europa Środkowa $#Európa stredná $#Evropa střední $8--Trx--Europakonzeptionen $x05 $9391362453 
244Z/01 $2Trx $8--Trx--Einzelbeiträge $x06 $9391384570 
245Z/01 $a12.03 $x01 
247C/01 $82080>Marburg/Lahn, Herder-Institut, Forschungsbibliothek, Bibliographieportal $9336309341
LEADER 00000caa a22000002c 4500
001 391459805
003 DE-603
005 20210515205411.0
007 tu
008 161111s1997 xx |||| | u00||u|ger c
035 |a (DE-599)HEB391459805 
040 |a DE-603  |b ger  |c DE-603  |d DE-603 
041 |a ger 
082 0 4 |8 1\u  |a 929.094371  |q DE-101  |2 23/BSB 
085 |8 1\u  |b 929 
085 |8 1\u  |z 2  |s 4371 
100 1 |a Hahnová, Eva  |d 1946-  |0 (DE-603)154902969  |0 (DE-588)124156150  |2 gnd 
245 0 0 |a Masaryks Konzept eines "Neuen Europa": ein alter Hut oder Rezept für heute? 
264 0 |c 1997 
773 0 8 |i In  |t Identität, Integrität, Integration  |d Münster : Lit, 1998  |h 154 S., 21 cm  |z 3825835146  |g (1997), Seite 17-53  |w (DE-603)057982996 
924 0 |9 2080  |a (DE-603)787553883  |b DE-2080  |c HES  |d d  |g /